Rubber in non-tyre automotive applications : Papers from a one day conference organised jointly by European Rubber Journal and Rubber Consultants on 22nd March 1991 (Record no. 40971)

MARC details
000 -LEADER
fixed length control field 00491nam a2200133Ia 4500
082 ## - DEWEY DECIMAL CLASSIFICATION NUMBER
Classification number NR:62:629
Item number RUB
245 #0 - TITLE STATEMENT
Title Rubber in non-tyre automotive applications : Papers from a one day conference organised jointly by European Rubber Journal and Rubber Consultants on 22nd March 1991
260 ## - PUBLICATION, DISTRIBUTION, ETC. (IMPRINT)
Place of publication London
Name of publisher Crain Communications
Year of publication 1991
650 ## - SUBJECT ADDED ENTRY--TOPICAL TERM
Topical Term Hose design
650 ## - SUBJECT ADDED ENTRY--TOPICAL TERM
Topical Term Rubber based engine design
650 ## - SUBJECT ADDED ENTRY--TOPICAL TERM
Topical Term Seal fittings
942 ## - ADDED ENTRY ELEMENTS (KOHA)
Koha item type Books
Holdings
Withdrawn status Lost status Damaged status Not for loan Home library Current library Date acquired Cost, normal purchase price Full call number Accession Number Koha item type
        RRII Library RRII Library 16/12/2021 40.00 NR:62:629 RUB 21264 Books